| 000 | 00404nam a2200169Ia 4500 | ||
|---|---|---|---|
| 008 | 151213s9999 xx 000 0 und d | ||
| 020 | _a812032813-2 | ||
| 100 | _aF.S.Hill, Jr. | ||
| 245 |
_aComputer Graphics _cF.S.Hill, Jr. |
||
| 250 | _a2nd | ||
| 260 |
_aNew Delhi _bPrantic Hall _c2006 |
||
| 300 | _a5297 p. | ||
| 650 | _aComputer | ||
| 650 | _aComputer | ||
| 700 | _aF.S.Hill, Jr. | ||
| 999 |
_c3258 _d3258 |
||